000 00493nmm a2200169Ia 4500
008 251105s9999||||xx |||||||||||||||||und||
020 _a9789587712827
041 _aspa
100 _aPalacios, Luis
245 0 _aEstrategias de creación empresarial
264 _a[Bogotá, Colombia] :
_bEcoe Ediciones,
_c2015
300 _a350 páginas
490 _aCiencias empresariales
650 _aEconomics and Business
856 _uhttps://public.digitaliapublishing.com/a/47109
942 _cCF
999 _c96180
_d96180